Т. 328, № 1; Известия Томского политехнического университета [Известия ТПУ]. Инжиниринг георесурсов

Dettagli Bibliografici
Parent link:Известия Томского политехнического университета [Известия ТПУ]. Инжиниринг георесурсов=Bulletin of the Tomsk Polytechnic University. Geo Assets Engineering/ Национальный исследовательский Томский политехнический университет (ТПУ). Т. 328, № 1.— , 2015-
Riassunto:"Известия Томского политехнического университета. Инжиниринг георесурсов" публикует оригинальные работы, обзорные статьи, очерки и обсуждения, охватывающие последние достижения в области геологии, разведки и добычи полезных ископаемых, технологии транспортировки и глубокой переработки природных ресурсов, энергоэффективного производства и преобразования энергии на основе полезных ископаемых, а также безопасной утилизации геоактивов.
Lingua:russo
inglese
Pubblicazione: 2017
Soggetti:
Natura: MixedMaterials Libro
KOHA link:https://koha.lib.tpu.ru/cgi-bin/koha/opac-detail.pl?biblionumber=341795

MARC

LEADER 00000nam2a2200000 4500
001 341795
005 20231102005402.0
035 |a (RuTPU)RU\TPU\book\370056 
090 |a 341795 
100 |a 20181023d2017 k y0rusy50 ca 
101 0 |a rus  |a eng 
102 |a RU 
105 |a a z 001zy 
200 0 |a Т. 328, № 1 
210 |d 2017 
215 |a 131 с.  |c ил. 
320 |a Библиография в конце статей 
330 |a "Известия Томского политехнического университета. Инжиниринг георесурсов" публикует оригинальные работы, обзорные статьи, очерки и обсуждения, охватывающие последние достижения в области геологии, разведки и добычи полезных ископаемых, технологии транспортировки и глубокой переработки природных ресурсов, энергоэффективного производства и преобразования энергии на основе полезных ископаемых, а также безопасной утилизации геоактивов. 
461 1 |0 (RuTPU)RU\TPU\book\353411  |t Известия Томского политехнического университета [Известия ТПУ]. Инжиниринг георесурсов  |l Bulletin of the Tomsk Polytechnic University. Geo Assets Engineering  |f Национальный исследовательский Томский политехнический университет (ТПУ)  |v Т. 328, № 1  |d 2015-  
606 1 |a Научно-технический потенциал  |2 stltpush  |3 (RuTPU)RU\TPU\subj\45166  |9 64427 
610 1 |a геологические выработки 
610 1 |a укрепление 
610 1 |a топология 
610 1 |a Западная Сибирь 
610 1 |a арктические регионы 
610 1 |a нефтематеринская баженовская свита 
610 1 |a термическая история 
610 1 |a реконструкция 
610 1 |a Монголо-Охотский золотоносный пояс 
610 1 |a благородные металлы 
610 1 |a естественный миграционный потенциал 
610 1 |a Южное Приморье 
610 1 |a реки 
610 1 |a экологическое состояние 
610 1 |a индикаторы 
610 1 |a редкоземельные элементы 
610 1 |a солевой состав 
610 1 |a Восточно-Предкавказский артезианский бассейн 
610 1 |a термальные подземные воды 
610 1 |a труды учёных ТПУ 
675 |a 62  |v 4 
801 1 |a RU  |b 63413507  |c 20181023 
801 2 |a RU  |b 63413507  |c 20181114  |g RCR 
942 |c BK